| 000 | 00532nam a2200181Ia 4500 | ||
|---|---|---|---|
| 003 | OSt | ||
| 005 | 20251112161841.0 | ||
| 008 | 250729s2005 xx 000 0 und d | ||
| 040 | _cAL | ||
| 041 | _akan | ||
| 082 | _a320 RAMB | ||
| 100 |
_aರಾಮನ್ ಬಿ ಎಸ್ _9224321 |
||
| 245 | _aಭಾರತದ ಸಂವಿಧಾನ,ಮಾನವ ಹಕ್ಕುಗಳು ಮತ್ತು ಪರಿಸರ | ||
| 260 |
_aಮಂಗಳೂರು _c2005 |
||
| 300 | _a138p | ||
| 650 |
_aPolitical Science _9224322 |
||
| 942 |
_2ddc _cBED |
||
| 999 |
_c236351 _d236351 |
||